000 00433nam a2200169Ia 4500
008 230711s9999||||xx |||||||||||||| ||und||
041 _aENG
082 _a621
_bRA-H
100 _aSharma,T.V
245 0 _aHeat treatment : principles and techniques
250 _a1st . . Ed.
260 _c2007
_aNew Delhi
_bPHI Learning Private Limited
300 _a459
650 _aMechanical Engineering
700 _aSharma,C.P
942 _cBK
999 _c4900
_d4900